| 000 | 00956nac a22003011i 4500 | ||
|---|---|---|---|
| 003 | EG-ScBUE | ||
| 005 | 20221205135609.0 | ||
| 008 | 221205t2006 gw ace f 001 0 eng d | ||
| 020 | _a3937718729 | ||
| 020 | _a9783937718729 | ||
| 040 |
_aEG-ScBUE _beng _erda _cEG-ScBUE _dEG-ScBUE |
||
| 082 | 0 | 4 |
_a724.6 _bYOU _222 |
| 245 | 0 | 0 |
_aYoung European Architects / _c[editor Katharina Feuer] |
| 264 | 1 |
_aCologne : _bDaab, _c[2006] |
|
| 264 | 4 | _cc2006 | |
| 300 |
_a400 pages : _billustrations (chiefly color), plans, portraits ; _c24 cm |
||
| 336 |
_2rdacontent _atext _btxt |
||
| 337 |
_2rdamedia _aunmediated _bn |
||
| 338 |
_2rdacarrier _avolume _bnc |
||
| 500 | _aIncludes index. | ||
| 650 | 7 |
_aArchitecture _cEurope _y21st century. _2BUEsh |
|
| 650 | 7 |
_aArchitects _cEurope _y21st century. _2BUEsh |
|
| 650 | 7 |
_aArchitects _cEurope _xBiography. _2BUEsh |
|
| 653 | _bENGARC | ||
| 655 | _vReading book | ||
| 700 | 1 |
_aFeuer, Katharina, _eeditor. |
|
| 942 |
_cBB _2ddc |
||
| 999 |
_c8178 _d8178 |
||